02418cam a22003615a 4500001001000000003000300010005001700013008004100030015001900071016001800090020002500108020002100133035002300154038001300177040004600190042001000236082002200246100003100268245005200299260004900351300005400400500002600454504002800480520115500508590001101663650005701674651001001731653002501741856009001766942002601856999001701882952015701899017706716Uk20161208122558.0151214s2015 ii a b 001 0 eng d aGBB6319172bnb7 a0177067162Uk a9780198081937 (pbk.) a0198081936 (pbk) a(IeDuTC)b164306122 aUkLoRLUK aStEdALDLbengcStEdALDLdIeDuTCdEG-ScBUE aukscp04222a621.3822bRAW1 aRawat, Tarun Kumar,94171510aDigital signal processing /cTuran Kumar Rawat. aNew Delhi :bOxford University Press,c2015. axxvi, 1072 p. :bill. (black and white) ;c25 cm. aIndex : p. 1067-1072. aBibliography : p. 1065. a"Digital Signal Processing is a comprehensive textbook designed for undergraduate and post-graduate students of engineering for a course on digital signal processing. Following the book's step-by-step approach, students can quickly master the fundamental concepts and applications of DSP. Each topic is explained lucidly through illustrations and solved examples. Divided into 17 Chapters, this text presents the introductory topics such as discrete-time signals and systems, sampling and quantization, convolution, discrete-time Fourier series, discrete-time Fourier transform, and z-transform in a rigorous fashion. Further, topics such as DFT, FFT, filter concepts, filter structures, FIR filter design and IIR filter design are dealt in detail. It also covers the advanced topics such as finite word length effects, multirate DSP, optimum linear filters, and spectrum estimation techniques he chapters are packed with numerous illustrations, solved examples, multiple choice questions, numerical exercises and MATLAB programs. Additional solved examples at the end of the book will provide some more practice to students." -- Publisher's website. aWessam 7aSignal processingxDigital techniques.2BUEsh923318 2BUEsh bENGELCcDecember2016 uhttps://india.oup.com/orcs/9780198081937/yOnline resources for teachers and students 2ddce22k621.3822 RAW c23522d23494 00102ddc40708AlahramaMAINbMAINc1STd2016-12-08ePurchaseg285.00h118l1m4o621.3822 RAWp000045220r2025-07-15 00:00:00s2017-11-04v356.25yBB